000 00360nam a2200133Ia 4500
008 231129s9999||||xx |||||||||||||| ||spa||
020 _a958-30-0132-5
040 _bspa
082 _a796.342 P434t
100 _aPerea Rosero Tucidides
245 0 _aTenis : Reglas oficiales
264 _aPanamericana
942 _2ddc
_cBKS
999 _c25181
_d25181